[Event "Titled Tuesday 2021.06.08"]
[Site "chess.com INT"]
[Date "2021.06.08"]
[Round "2"]
[White "Escobar Forero, Alder"]
[Black "Samsonkin, Artiom"]
[Result "0-1"]
[WhiteElo "2510"]
[BlackElo "2428"]
[PlyCount "52"]
[EventDate "2021.06.08"]
[EventType "swiss (blitz)"]
[EventRounds "11"]
[EventCountry "NET"]
[Source "Mark Crowther"]
[SourceDate "2021.06.14"]

1. d4 Nf6 2. c4 e6 3. g3 Bb4+ 4. Nc3 O-O 5. Bg2 d5 6. cxd5 exd5 7. Nf3 c6 8.
O-O Re8 9. Ne5 c5 10. Qb3 cxd4 11. Qxb4 dxc3 12. f4 Nc6 13. Nxc6 bxc6 14. Qxc3
Rxe2 15. Qxc6 Bf5 16. Qa6 Qe7 17. b4 Re8 18. a3 Rc2 19. h3 Be4 20. Rf2 Rxf2 21.
Kxf2 Bxg2 22. Kxg2 Qe4+ 23. Kh2 Qc2+ 24. Bd2 Qxd2+ 25. Kh1 h5 26. Qb5 Re2 0-1

[Event "Titled Tuesday 2021.06.08"]
[Site "chess.com INT"]
[Date "2021.06.08"]
[Round "3"]
[White "Samsonkin, Artiom"]
[Black "Saravana, Kr"]
[Result "1-0"]
[WhiteElo "2428"]
[BlackElo "2312"]
[PlyCount "61"]
[EventDate "2021.06.08"]
[EventType "swiss (blitz)"]
[EventRounds "11"]
[EventCountry "NET"]
[Source "Mark Crowther"]
[SourceDate "2021.06.14"]

1. e4 c6 2. d4 d5 3. e5 Bf5 4. h4 h6 5. g4 Bd7 6. Nc3 c5 7. dxc5 e6 8. Be3 Qc7
9. Nf3 Bxc5 10. Bxc5 Qxc5 11. Qd2 Ne7 12. O-O-O a6 13. Kb1 Bb5 14. Ne4 Qc7 15.
Nd6+ Kf8 16. c4 Bc6 17. h5 dxc4 18. Bxc4 Kg8 19. Qf4 Nd5 20. Bxd5 Bxd5 21. g5
Nc6 22. gxh6 Rxh6 23. Rhg1 Rh7 24. h6 g6 25. Ng5 Rf8 26. Nxh7 Kxh7 27. Qf6 Rg8
28. Nxf7 Nb4 29. Ng5+ Kxh6 30. Rh1+ Bxh1 31. Rxh1# 1-0

[Event "Titled Tuesday 2021.06.01"]
[Site "chess.com INT"]
[Date "2021.06.01"]
[Round "1"]
[White "Thejkumar, M."]
[Black "Samsonkin, Artiom"]
[Result "0-1"]
[WhiteElo "2433"]
[BlackElo "2428"]
[PlyCount "56"]
[EventDate "2021.06.01"]
[EventType "swiss"]
[EventRounds "11"]
[EventCountry "NET"]
[Source "Mark Crowther"]
[SourceDate "2021.06.07"]

1. d4 Nf6 2. c4 e6 3. Nf3 Bb4+ 4. Bd2 Qe7 5. g3 Nc6 6. Nc3 Bxc3 7. Bxc3 Ne4 8.
Rc1 O-O 9. Bg2 d6 10. O-O e5 11. d5 Nd8 12. Be1 f5 13. Nd2 Nf6 14. c5 Nf7 15.
b4 b6 16. Nb3 f4 17. cxd6 cxd6 18. b5 Ng5 19. Bb4 Nh3+ 20. Kh1 Bf5 21. Rc6 Rad8
22. f3 fxg3 23. e4 Nf2+ 24. Rxf2 gxf2 25. exf5 Nh5 26. Rc4 Rc8 27. Rc6 Qh4 28.
h3 Qxb4 0-1

[Event "Titled Tuesday 2021.06.01"]
[Site "chess.com INT"]
[Date "2021.06.01"]
[Round "5"]
[White "Kesgin, Halit Kaan"]
[Black "Samsonkin, Artiom"]
[Result "0-1"]
[WhiteElo "2110"]
[BlackElo "2428"]
[PlyCount "188"]
[EventDate "2021.06.01"]
[EventType "swiss"]
[EventRounds "11"]
[EventCountry "NET"]
[Source "Mark Crowther"]
[SourceDate "2021.06.07"]

1. e4 c5 2. Nf3 d6 3. d4 cxd4 4. Qxd4 Nf6 5. e5 Nc6 6. Bb5 Qa5+ 7. Nc3 Qxb5 8.
Nxb5 Nxd4 9. Nfxd4 dxe5 10. Nc7+ Kd7 11. Nxa8 exd4 12. Bf4 Nd5 13. O-O-O e6 14.
Rxd4 Bc5 15. Rdd1 Kc6 16. Bg3 b5 17. a4 a6 18. a5 h5 19. h4 f5 20. Nb6 Bxb6 21.
axb6 f4 22. Bh2 Kxb6 23. f3 Kc6 24. Bg1 e5 25. Bf2 Re8 26. Rhe1 Bf5 27. Bd4 e4
28. fxe4 Rxe4 29. Rxe4 Bxe4 30. Bxg7 Bxg2 31. Kd2 a5 32. b3 a4 33. bxa4 bxa4
34. Ra1 Kb5 35. c3 f3 36. Bd4 Bh3 37. Rb1+ Kc4 38. Rb8 a3 39. Ra8 Kb3 40. Rb8+
Ka2 41. c4 Ne7 42. Bc5 Nc6 43. Rf8 Kb3 44. Rxf3+ Kxc4 45. Bxa3 Bg4 46. Rf4+ Kd5
47. Ke3 Ne5 48. Bf8 Nc4+ 49. Kf2 Ne5 50. Kg3 Ng6 51. Rf6 Ne5 52. Bh6 Ke4 53.
Bf4 Nd3 54. Rf8 Kd5 55. Re8 Nc5 56. Be3 Ne4+ 57. Kf4 Nd6 58. Kg5 Nxe8 59. Kh6
Nd6 60. Kg5 Nf5 61. Bf2 Ke4 62. Be1 Kf3 63. Kf6 Kg2 64. Kg5 Kh3 65. Bf2 Ng3 66.
Be1 Ne4+ 67. Kf4 Nc5 68. Kg5 Nd3 69. Bd2 Nf2 70. Be1 Nd3 71. Bd2 Kg3 72. Be3
Kf3 73. Bd2 Nf2 74. Be1 Ne4+ 75. Kh6 Ke2 76. Ba5 Kf2 77. Bb4 Ng3 78. Kg5 Kf3
79. Be1 Ne4+ 80. Kh6 Nd6 81. Kg5 Nf7+ 82. Kg6 Ne5+ 83. Kg5 Nd3 84. Bc3 Nf4 85.
Bd2 Ne2 86. Be1 Kg2 87. Kh6 Kf3 88. Kg5 Ke4 89. Ba5 Kd5 90. Kh6 Nd4 91. Kg5 Ke6
92. Be1 Nf3+ 93. Kf4 Nxe1 94. Kg3 Nf3 0-1

[Event "Titled Tuesday 2021.06.01"]
[Site "chess.com INT"]
[Date "2021.06.01"]
[Round "6"]
[White "Samsonkin, Artiom"]
[Black "Mazur, Ste"]
[Result "1-0"]
[WhiteElo "2428"]
[BlackElo "2416"]
[PlyCount "65"]
[EventDate "2021.06.01"]
[EventType "swiss"]
[EventRounds "11"]
[EventCountry "NET"]
[Source "Mark Crowther"]
[SourceDate "2021.06.07"]

1. e4 e5 2. Nf3 Nc6 3. d4 exd4 4. Bc4 Nf6 5. e5 Ne4 6. Qe2 Nc5 7. c3 d3 8. Qe3
Ne6 9. O-O d5 10. Bxd3 Be7 11. Rd1 O-O 12. Be4 Bc5 13. Qe2 Ne7 14. c4 dxe4 15.
Rxd8 Rxd8 16. Ng5 Nd4 17. Qh5 Bf5 18. Nc3 Bg6 19. Qg4 h5 20. Qh3 Ne2+ 21. Kf1
Nxc3 22. bxc3 Rd1+ 23. Ke2 Rad8 24. e6 f6 25. Nf7 Bxf7 26. exf7+ Kf8 27. Qxh5
b6 28. g4 Nc6 29. g5 Ne5 30. gxf6 Nxf7 31. fxg7+ Kxg7 32. Bh6+ Nxh6 33. Rxd1
1-0

[Event "Titled Tuesday 2021.06.01"]
[Site "chess.com INT"]
[Date "2021.06.01"]
[Round "8"]
[White "Ozates, Tuna"]
[Black "Samsonkin, Artiom"]
[Result "0-1"]
[WhiteElo "2217"]
[BlackElo "2428"]
[PlyCount "46"]
[EventDate "2021.06.01"]
[EventType "swiss"]
[EventRounds "11"]
[EventCountry "NET"]
[Source "Mark Crowther"]
[SourceDate "2021.06.07"]

1. Nf3 Nf6 2. g3 e6 3. c4 d5 4. b3 Be7 5. Bg2 O-O 6. O-O b6 7. Bb2 Bb7 8. e3 c5
9. cxd5 Nxd5 10. d4 Nc6 11. Nc3 Nxc3 12. Bxc3 Bf6 13. Rc1 Rc8 14. dxc5 bxc5 15.
Bxf6 Qxf6 16. Rxc5 Rfd8 17. Qe2 Nb4 18. Rxc8 Rxc8 19. Rd1 Nd5 20. Qd2 Nc3 21.
Rc1 Ne2+ 22. Qxe2 Rxc1+ 23. Bf1 Qxf3 0-1

[Event "Titled Tuesday 2021.06.01"]
[Site "chess.com INT"]
[Date "2021.06.01"]
[Round "9"]
[White "Hebden, M."]
[Black "Samsonkin, Artiom"]
[Result "0-1"]
[WhiteElo "2453"]
[BlackElo "2428"]
[PlyCount "94"]
[EventDate "2021.06.01"]
[EventType "swiss"]
[EventRounds "11"]
[EventCountry "NET"]
[Source "Mark Crowther"]
[SourceDate "2021.06.07"]

1. d4 Nf6 2. Nf3 e6 3. c3 c5 4. Bg5 Nc6 5. Nbd2 d5 6. e3 Be7 7. Bd3 h6 8. Bh4
O-O 9. O-O cxd4 10. exd4 Nh5 11. Bg3 f5 12. h3 Bd6 13. Bxd6 Qxd6 14. Re1 Bd7
15. Ne5 Nf4 16. Bf1 Nxe5 17. Rxe5 Rae8 18. Nf3 Ng6 19. Re1 e5 20. dxe5 Nxe5 21.
Nxe5 Rxe5 22. Rxe5 Qxe5 23. Qd4 Qxd4 24. cxd4 Rc8 25. Bd3 Kf7 26. Kf1 Kf6 27.
Ke2 g5 28. Kd2 f4 29. Re1 Re8 30. Rc1 Rc8 31. Rc5 Rxc5 32. dxc5 Ke5 33. b4 Kd4
34. f3 Be8 35. a3 Ba4 36. Bf5 Bb5 37. Bc8 b6 38. cxb6 axb6 39. Bb7 Bf1 40. a4
Bxg2 41. a5 bxa5 42. bxa5 Kc5 43. a6 Kb6 44. Kc3 Bxf3 45. Kd4 Bg2 46. h4 gxh4
47. Ke5 h3 0-1

[Event "Titled Tuesday 2021.05.25"]
[Site "chess.com INT"]
[Date "2021.05.25"]
[Round "6"]
[White "Niraj, S."]
[Black "Samsonkin, Artiom"]
[Result "1-0"]
[WhiteElo "2188"]
[BlackElo "2428"]
[PlyCount "75"]
[EventDate "2021.05.25"]
[EventType "swiss (blitz)"]
[EventRounds "11"]
[EventCountry "NET"]
[Source "Mark Crowther"]
[SourceDate "2021.05.31"]

1. d4 Nf6 2. Bg5 e6 3. e3 d6 4. Bd3 Nbd7 5. c3 b6 6. Nf3 Bb7 7. Nbd2 h6 8. Bxf6
Nxf6 9. O-O g6 10. e4 Bg7 11. Qe2 O-O 12. Ba6 Bc6 13. Bb5 Bb7 14. Ba6 Qc8 15.
Bxb7 Qxb7 16. Rad1 Rad8 17. Rfe1 d5 18. e5 Nd7 19. h4 c5 20. h5 g5 21. Nh2 Rde8
22. Ng4 f5 23. exf6 Nxf6 24. Ne5 cxd4 25. cxd4 Nd7 26. Ng6 Rf7 27. Nf3 Rf5 28.
Qd3 Nf8 29. Qxf5 exf5 30. Rxe8 Qd7 31. Rde1 f4 32. Nxf8 Bxf8 33. R1e6 g4 34.
Ne5 Qb5 35. Rg6+ Kh7 36. Rxf8 Qe2 37. Nxg4 Qd1+ 38. Kh2 1-0

[Event "Titled Tuesday 2021.05.25"]
[Site "chess.com INT"]
[Date "2021.05.25"]
[Round "7"]
[White "Samsonkin, Artiom"]
[Black "Sihite, Chelsie Monica Igne"]
[Result "1-0"]
[WhiteElo "2428"]
[BlackElo "2252"]
[PlyCount "21"]
[EventDate "2021.05.25"]
[EventType "swiss (blitz)"]
[EventRounds "11"]
[EventCountry "NET"]
[Source "Mark Crowther"]
[SourceDate "2021.05.31"]

1. e4 e5 2. Nf3 Nc6 3. d4 exd4 4. Bc4 Bc5 5. Ng5 Nh6 6. Nxf7 Nxf7 7. Bxf7+ Kxf7
8. Qh5+ g6 9. Qxc5 d5 10. O-O b6 11. Qxc6 1-0

[Event "Titled Tuesday 2021.04.13"]
[Site "chess.com INT"]
[Date "2021.04.13"]
[Round "1"]
[White "Vivas Zamora, Fabian Ernesto"]
[Black "Samsonkin, Artiom"]
[Result "0-1"]
[WhiteElo "2344"]
[BlackElo "2428"]
[PlyCount "84"]
[EventDate "2021.04.13"]
[EventType "swiss (blitz)"]
[EventRounds "11"]
[EventCountry "NET"]
[Source "Mark Crowther"]
[SourceDate "2021.04.19"]

1. c4 Nf6 2. Nc3 e6 3. e4 d5 4. e5 d4 5. exf6 dxc3 6. bxc3 Qxf6 7. d4 Nc6 8.
Nf3 e5 9. Bd3 exd4 10. O-O dxc3 11. Re1+ Be7 12. Bg5 Qd6 13. Bxe7 Nxe7 14. Qe2
Be6 15. Rad1 Qf4 16. g3 Qf6 17. Be4 O-O 18. Bxb7 Rab8 19. Be4 Rb2 20. Qd3 g6
21. Rc1 Nf5 22. Qxc3 Qxc3 23. Rxc3 Rxa2 24. Bxf5 Bxf5 25. Nd4 Bh3 26. Nb5 c6
27. Nd4 c5 28. Nb3 Ra3 29. Rce3 Rc8 30. Nc1 Ra4 31. Re4 Kg7 32. Nd3 Bf5 33.
R4e3 Rxc4 34. Ne5 Rc2 35. Kg2 c4 36. g4 Be6 37. Kg3 c3 38. f4 Bd5 39. Rd3 Rd2
40. Rxd2 cxd2 41. Rd1 Rc2 42. Nf3 Rc3 0-1

[Event "Titled Tuesday 2021.04.13"]
[Site "chess.com INT"]
[Date "2021.04.13"]
[Round "2"]
[White "Samsonkin, Artiom"]
[Black "Sanchez Alvares, Kelvin Antonio"]
[Result "1-0"]
[WhiteElo "2428"]
[BlackElo "2250"]
[PlyCount "123"]
[EventDate "2021.04.13"]
[EventType "swiss (blitz)"]
[EventRounds "11"]
[EventCountry "NET"]
[Source "Mark Crowther"]
[SourceDate "2021.04.19"]

1. e4 c5 2. Nf3 d6 3. d4 cxd4 4. Qxd4 Nc6 5. Qe3 Nf6 6. Be2 g6 7. O-O Bg7 8. c4
O-O 9. Nc3 Bg4 10. Rd1 Nd7 11. Rb1 a5 12. b3 Nc5 13. Bb2 e5 14. Nb5 Bxf3 15.
Bxf3 Ne6 16. Rxd6 Qb8 17. Rbd1 Ned4 18. Rd5 Nb4 19. Rd7 Nbc2 20. Qd3 Nb4 21.
Qe3 Nbc2 22. Qc3 a4 23. Rc1 Nxb5 24. Qxc2 Nd4 25. Bxd4 exd4 26. c5 axb3 27.
Qxb3 Qe5 28. Rxb7 Qf4 29. Rd1 Rad8 30. g3 Qe5 31. c6 d3 32. c7 Rc8 33. Qc4 Qd4
34. Qxd4 Bxd4 35. Rxd3 Be5 36. Rd7 Rfe8 37. Be2 Kf8 38. Bc4 Re7 39. Rd8+ Re8
40. Rd7 Re7 41. Rd8+ Re8 42. Rxe8+ Kxe8 43. Bd5 Rxc7 44. Rb8+ Ke7 45. Rb1 Rc2
46. Kg2 Bd4 47. Rb7+ Kd6 48. Rxf7 Ke5 49. Rf3 g5 50. h3 h5 51. h4 g4 52. Rf5+
Kd6 53. Rf4 Ke5 54. Rf5+ Kd6 55. a4 Rc1 56. Bb3 Rb1 57. Rd5+ Kc6 58. Rxd4 Rxb3
59. e5 Ra3 60. e6 Ra2 61. Re4 Kd5 62. e7 1-0

[Event "Titled Tuesday 2021.04.13"]
[Site "chess.com INT"]
[Date "2021.04.13"]
[Round "3"]
[White "Purtseladze, M."]
[Black "Samsonkin, Artiom"]
[Result "1-0"]
[WhiteElo "2274"]
[BlackElo "2428"]
[PlyCount "63"]
[EventDate "2021.04.13"]
[EventType "swiss (blitz)"]
[EventRounds "11"]
[EventCountry "NET"]
[Source "Mark Crowther"]
[SourceDate "2021.04.19"]

1. d4 Nf6 2. Bg5 e6 3. e4 h6 4. Bxf6 Qxf6 5. Nc3 Qe7 6. Qd2 d6 7. f4 Nd7 8. Nf3
g6 9. h4 h5 10. e5 d5 11. Ng5 a6 12. a3 c5 13. Ne2 b6 14. c3 Bb7 15. g3 Bg7 16.
Bg2 Rc8 17. Bf3 f6 18. exf6 Nxf6 19. Qd3 Rh6 20. Qe3 cxd4 21. Nxd4 Ng4 22. Bxg4
hxg4 23. Qxe6 Bxd4 24. cxd4 Rc4 25. Qxe7+ Kxe7 26. Rd1 Kf6 27. Rh2 Rh8 28. Re2
Rc6 29. Kf2 Bc8 30. Rde1 Bf5 31. Re7 Be4 32. Rf7# 1-0

[Event "Titled Tuesday 2021.04.13"]
[Site "chess.com INT"]
[Date "2021.04.13"]
[Round "4"]
[White "Samsonkin, Artiom"]
[Black "Eden, J."]
[Result "1-0"]
[WhiteElo "2428"]
[BlackElo "2294"]
[PlyCount "63"]
[EventDate "2021.04.13"]
[EventType "swiss (blitz)"]
[EventRounds "11"]
[EventCountry "NET"]
[Source "Mark Crowther"]
[SourceDate "2021.04.19"]

1. e4 e5 2. Nf3 Nc6 3. d4 exd4 4. Bc4 Nf6 5. e5 d5 6. Bb5 Ne4 7. Nxd4 Bd7 8.
Bxc6 bxc6 9. O-O Bc5 10. f3 Ng5 11. Be3 O-O 12. f4 Ne4 13. Nd2 Nxd2 14. Qxd2
Qe7 15. Nb3 Bxe3+ 16. Qxe3 f6 17. Nc5 fxe5 18. fxe5 Bf5 19. c3 Be4 20. Qd4 Bg6
21. b4 Rxf1+ 22. Rxf1 a5 23. a4 axb4 24. cxb4 Rb8 25. a5 Bh5 26. e6 Rf8 27.
Rxf8+ Qxf8 28. a6 Be2 29. Qf2 Bxa6 30. Qxf8+ Kxf8 31. Nxa6 Ke7 32. Nc5 1-0

[Event "Titled Tuesday 2021.04.13"]
[Site "chess.com INT"]
[Date "2021.04.13"]
[Round "5"]
[White "Hebden, M."]
[Black "Samsonkin, Artiom"]
[Result "1-0"]
[WhiteElo "2453"]
[BlackElo "2428"]
[PlyCount "67"]
[EventDate "2021.04.13"]
[EventType "swiss (blitz)"]
[EventRounds "11"]
[EventCountry "NET"]
[Source "Mark Crowther"]
[SourceDate "2021.04.19"]

1. d4 Nf6 2. Nf3 e6 3. c3 b6 4. Bg5 Bb7 5. Nbd2 d6 6. e4 h6 7. Bxf6 Qxf6 8.
Bb5+ c6 9. Bd3 e5 10. O-O Nd7 11. a4 a6 12. Nc4 Be7 13. Qb3 Qe6 14. d5 cxd5 15.
Nxb6 Nc5 16. exd5 Nxb3 17. dxe6 fxe6 18. Nxa8 Nxa1 19. Nc7+ Kd7 20. Bxa6 Bxf3
21. gxf3 Nb3 22. Nxe6 Nd2 23. Nxg7 Rg8 24. Rd1 Rxg7+ 25. Kh1 Nxf3 26. a5 Kc7
27. b4 e4 28. b5 Bf6 29. b6+ Kb8 30. Be2 Rg5 31. a6 Be5 32. a7+ Kb7 33. Ba6+
Ka8 34. Bc4 1-0

[Event "Titled Tuesday 2021.04.13"]
[Site "chess.com INT"]
[Date "2021.04.13"]
[Round "6"]
[White "Kozin, Y."]
[Black "Samsonkin, Artiom"]
[Result "1-0"]
[WhiteElo "2251"]
[BlackElo "2428"]
[PlyCount "115"]
[EventDate "2021.04.13"]
[EventType "swiss (blitz)"]
[EventRounds "11"]
[EventCountry "NET"]
[Source "Mark Crowther"]
[SourceDate "2021.04.19"]

1. e4 c5 2. Nf3 d6 3. d4 cxd4 4. Nxd4 Nf6 5. Nc3 a6 6. Be3 e5 7. Nf3 Be6 8. Ng5
Qc7 9. Nxe6 fxe6 10. Qf3 Nc6 11. Qh3 Kf7 12. Bc4 Nd4 13. Bb3 Nxb3 14. axb3 Qc6
15. Qf3 Be7 16. O-O-O Rac8 17. Kb1 b5 18. Rd2 b4 19. Na2 a5 20. Rhd1 Qxe4 21.
Qe2 d5 22. f3 Qg6 23. Bb6 a4 24. Nc1 Nd7 25. Qb5 Nxb6 26. Qxb6 axb3 27. Nxb3
Rb8 28. Qc7 Rhc8 29. Qxe5 Bf6 30. Qd6 Be7 31. Qf4+ Kg8 32. Qe5 Rc4 33. Qxb8+
Kf7 34. Qe5 Bf6 35. Qe2 Qf5 36. Nd4 Qe5 37. Qxe5 Bxe5 38. Nb3 Bxh2 39. Re2 Bf4
40. Rde1 e5 41. Nd2 Rc6 42. Nb3 Ke6 43. g4 Kd6 44. Rh1 h6 45. Rd1 Rc8 46. Nc1
Ke6 47. Nd3 Bg3 48. Nxb4 Rd8 49. Nd3 Kf6 50. Rg1 Bf4 51. Nxf4 exf4 52. Rd1 Kg5
53. Re5+ Kh4 54. Rexd5 Re8 55. R5d3 Kg3 56. b4 Re2 57. b5 Re5 58. Rb3 1-0

[Event "Titled Tuesday 2021.04.13"]
[Site "chess.com INT"]
[Date "2021.04.13"]
[Round "8"]
[White "Grochal, J."]
[Black "Samsonkin, Artiom"]
[Result "0-1"]
[WhiteElo "2335"]
[BlackElo "2428"]
[PlyCount "88"]
[EventDate "2021.04.13"]
[EventType "swiss (blitz)"]
[EventRounds "11"]
[EventCountry "NET"]
[Source "Mark Crowther"]
[SourceDate "2021.04.19"]

1. d4 Nf6 2. c4 e6 3. Nf3 Bb4+ 4. Bd2 Qe7 5. g3 Nc6 6. Bg2 Bxd2+ 7. Nbxd2 d6 8.
O-O e5 9. d5 Nb8 10. e4 O-O 11. Ne1 a5 12. Nd3 Na6 13. a3 Bg4 14. f3 Bd7 15. b4
c6 16. dxc6 bxc6 17. Qc2 Qd8 18. Rfc1 Be6 19. Bf1 Qc7 20. Qc3 Nd7 21. c5 Qa7
22. Kg2 dxc5 23. bxa5 Rfd8 24. Nc4 Bxc4 25. Qxc4 Nc7 26. Nxc5 Qxa5 27. Qb4 Nxc5
28. Qxc5 Qd2+ 29. Kg1 Ne6 30. Qc3 Qg5 31. Rc2 h5 32. Re1 h4 33. Kf2 Nd4 34. Ra2
Rd6 35. Qe3 hxg3+ 36. hxg3 Qh5 37. Bg2 Rf6 38. Rh1 Qg6 39. Rh4 Rb8 40. a4 Rb3
41. Qc1 Rfxf3+ 42. Bxf3 Rxf3+ 43. Ke1 Qxg3+ 44. Kd2 Qxh4 0-1

[Event "Titled Tuesday 2021.04.13"]
[Site "chess.com INT"]
[Date "2021.04.13"]
[Round "9"]
[White "Samsonkin, Artiom"]
[Black "Erden, Kadir"]
[Result "0-1"]
[WhiteElo "2428"]
[BlackElo "2271"]
[PlyCount "102"]
[EventDate "2021.04.13"]
[EventType "swiss (blitz)"]
[EventRounds "11"]
[EventCountry "NET"]
[Source "Mark Crowther"]
[SourceDate "2021.04.19"]

1. e4 c6 2. d4 d5 3. e5 Bf5 4. h4 h5 5. Bd3 Bxd3 6. Qxd3 e6 7. Bg5 Be7 8. Nf3
Nh6 9. Nc3 Nd7 10. Ne2 Nf5 11. Ng3 Nxg3 12. fxg3 Nf8 13. Bxe7 Qxe7 14. O-O
O-O-O 15. Rae1 f6 16. exf6 gxf6 17. Kh2 Rg8 18. Ng1 Nd7 19. Nh3 e5 20. dxe5
fxe5 21. Ng5 e4 22. Qd4 Ne5 23. Qxa7 Rdf8 24. Rxf8+ Rxf8 25. Qa8+ Kd7 26. Qxb7+
Kd6 27. Qb4+ Kd7 28. Qd4 Ng4+ 29. Kg1 Ra8 30. a3 Rf8 31. Qa7+ Kd6 32. Qd4 c5
33. Qd2 Qe5 34. Nxe4+ Kc6 35. Nf2 Qxg3 36. Re6+ Kc7 37. Nxg4 hxg4 38. Re7+ Kd6
39. Re3 Qxh4 40. Qe2 g3 41. Re6+ Kd7 42. Re7+ Qxe7 43. Qb5+ Kd6 44. Qb6+ Ke5
45. Qb5 Qd6 46. Qe2+ Kf6 47. Qh5 Ke7 48. Qh7+ Rf7 49. Qh4+ Qf6 50. Qxg3 Qf1+
51. Kh2 Rh7+ 0-1

[Event "Titled Tuesday 2021.04.13"]
[Site "chess.com INT"]
[Date "2021.04.13"]
[Round "10"]
[White "Kubicka, Anna"]
[Black "Samsonkin, Artiom"]
[Result "0-1"]
[WhiteElo "2235"]
[BlackElo "2428"]
[PlyCount "68"]
[EventDate "2021.04.13"]
[EventType "swiss (blitz)"]
[EventRounds "11"]
[EventCountry "NET"]
[Source "Mark Crowther"]
[SourceDate "2021.04.19"]

1. e4 c5 2. Ne2 Nc6 3. g3 d5 4. Bg2 dxe4 5. Nbc3 Nf6 6. Nxe4 h5 7. Nxf6+ gxf6
8. h4 Bg4 9. f3 Bf5 10. d3 e5 11. Be3 Rg8 12. Qd2 Nd4 13. Bxd4 cxd4 14. f4 Qb6
15. fxe5 fxe5 16. O-O Bh6 17. Qe1 Be3+ 18. Kh2 Be6 19. b3 O-O-O 20. Ng1 Kb8 21.
Nf3 f6 22. Nd2 Rd7 23. Nc4 Bxc4 24. bxc4 Rdg7 25. Rb1 Qd6 26. Be4 b6 27. Rf3 f5
28. Rxf5 Rxg3 29. Qxg3 Rxg3 30. Kxg3 Qg6+ 31. Rg5 Qf6 32. Rg6 Qf2+ 33. Kh3 Bf4
34. Rbg1 Qh2# 0-1

[Event "Titled Tuesday 2021.04.13"]
[Site "chess.com INT"]
[Date "2021.04.13"]
[Round "11"]
[White "Samsonkin, Artiom"]
[Black "Mortazavi, A."]
[Result "1/2-1/2"]
[WhiteElo "2428"]
[BlackElo "2333"]
[PlyCount "126"]
[EventDate "2021.04.13"]
[EventType "swiss (blitz)"]
[EventRounds "11"]
[EventCountry "NET"]
[Source "Mark Crowther"]
[SourceDate "2021.04.19"]

1. e4 c6 2. d4 d5 3. e5 Bf5 4. h4 c5 5. dxc5 Nc6 6. Nf3 e6 7. Be3 Bg4 8. c3
Nge7 9. Nbd2 Nf5 10. Bg5 Be7 11. Qa4 Bxf3 12. Nxf3 O-O 13. Bd3 f6 14. exf6 gxf6
15. Bxf5 exf5 16. Bh6 Rf7 17. O-O-O Bxc5 18. g4 fxg4 19. Qxg4+ Kh8 20. Rhg1 Qe7
21. Rxd5 Bxf2 22. Rgd1 Be3+ 23. Bxe3 Qxe3+ 24. Kb1 Rg8 25. Qh5 Qe4+ 26. Ka1
Rfg7 27. a3 b6 28. Rd6 Na5 29. Rd8 Nb3+ 30. Ka2 Qe6 31. Rxg8+ Rxg8 32. Qd5 Nc1+
33. Kb1 Qxd5 34. Rxd5 Ne2 35. Rd6 Kg7 36. Rd7+ Kh6 37. Rxa7 Rg3 38. Nd4 Rg1+
39. Kc2 Nf4 40. Rb7 Rg2+ 41. Kb3 Nd3 42. Rxb6 Rxb2+ 43. Kc4 Ne5+ 44. Kc5 Nd7+
45. Kd6 Nxb6 46. Ke6 Kh5 47. Kxf6 Kxh4 48. Nf5+ Kg4 49. Nh6+ Kg3 50. Nf5+ Kf4
51. Nh6 Rh2 52. Kg7 Rg2+ 53. Kxh7 Nc4 54. Ng8 Nxa3 55. Nf6 Rh2+ 56. Kg6 Ke5 57.
Ng4+ Kf4 58. Nxh2 Nb5 59. c4 Nd6 60. c5 Nb5 61. Kf6 Ke4 62. Ke6 Kd4 63. Nf3+
Kxc5 1/2-1/2

[Event "Titled Tuesday 2021.03.30"]
[Site "chess.com INT"]
[Date "2021.03.30"]
[Round "8"]
[White "Samsonkin, Artiom"]
[Black "Ostrovskiy, Al"]
[Result "1/2-1/2"]
[WhiteElo "2428"]
[BlackElo "2431"]
[PlyCount "130"]
[EventDate "2021.03.30"]
[EventType "swiss (blitz)"]
[EventRounds "11"]
[EventCountry "NET"]
[Source "Mark Crowther"]
[SourceDate "2021.04.05"]

1. e4 c6 2. d4 d5 3. e5 c5 4. dxc5 Nc6 5. Nf3 Bg4 6. c3 e6 7. Bb5 Bxf3 8. Qxf3
Bxc5 9. O-O Nge7 10. Re1 O-O 11. Nd2 Ng6 12. Bxc6 bxc6 13. Nb3 Bb6 14. Qg3 c5
15. Bg5 Qc7 16. h4 f6 17. Bxf6 gxf6 18. h5 Qg7 19. hxg6 Qxg6 20. Qxg6+ hxg6 21.
exf6 Rxf6 22. Re2 a5 23. Rae1 a4 24. Nd2 c4 25. Nf3 Re8 26. b3 axb3 27. axb3
cxb3 28. Rb1 e5 29. Nxe5 Bc7 30. Ng4 Rxe2 31. Nxf6+ Kf7 32. Nxd5 Be5 33. Kf1
Rd2 34. Ne3 Bxc3 35. Rxb3 Bd4 36. Rb7+ Ke6 37. Ng4 Kf5 38. f3 g5 39. Rf7+ Kg6
40. Rd7 Kf5 41. Ne3+ Bxe3 42. Rxd2 Bxd2 43. Ke2 Ba5 44. g3 Bc7 45. Kf2 Bb6+ 46.
Kg2 Bc5 47. Kh3 Bd4 48. Kg2 Kg6 49. Kh3 Kf5 50. Kg2 Bf6 51. Kh3 Be7 52. Kg2 Bd6
53. Kh3 Kg6 54. Kg2 Kh5 55. Kh3 Bc7 56. Kg2 Kg6 57. Kh3 Kf5 58. Kg2 Bd6 59. Kh3
Bc5 60. Kg2 Bb6 61. Kh3 Ba7 62. Kg2 Bb8 63. Kh3 Bc7 64. Kg2 Ke6 65. Kh3 Kf5
1/2-1/2

[Event "Titled Tuesday 2021.03.30"]
[Site "chess.com INT"]
[Date "2021.03.30"]
[Round "9"]
[White "Solon, N."]
[Black "Samsonkin, Artiom"]
[Result "1-0"]
[WhiteElo "2306"]
[BlackElo "2428"]
[PlyCount "67"]
[EventDate "2021.03.30"]
[EventType "swiss (blitz)"]
[EventRounds "11"]
[EventCountry "NET"]
[Source "Mark Crowther"]
[SourceDate "2021.04.05"]

1. d4 Nf6 2. c4 e6 3. g3 Bb4+ 4. Nd2 a5 5. Bg2 a4 6. Ngf3 O-O 7. O-O a3 8. b3
d6 9. Qc2 Qe7 10. Nb1 e5 11. d5 Bg4 12. Nh4 c6 13. h3 Bd7 14. Nc3 Na6 15. Bg5
h6 16. Bxf6 Qxf6 17. Ne4 Qe7 18. Rad1 g5 19. dxc6 bxc6 20. Nf3 f5 21. Nc3 e4
22. Nd4 Qg7 23. e3 Rac8 24. Na4 d5 25. Nb6 Rcd8 26. cxd5 cxd5 27. Nxd5 Bc5 28.
Qc4 Bxd4 29. Rxd4 Be6 30. Qxa6 Bxd5 31. Rfd1 Rf6 32. Qa5 Rfd6 33. Rxd5 Rxd5 34.
Rxd5 1-0

[Event "Titled Tuesday 2020.06.23"]
[Site "chess.com INT"]
[Date "2020.06.23"]
[Round "8"]
[White "Samsonkin, Artiom"]
[Black "Bykhovsky, Avigdor"]
[Result "0-1"]
[WhiteElo "2428"]
[BlackElo "2405"]
[PlyCount "66"]
[EventDate "2020.06.23"]
[EventType "swiss"]
[EventRounds "10"]
[EventCountry "NET"]
[Source "ChessMix"]
[SourceDate "2020.07.01"]

1. e4 e6 2. d4 d5 3. Nc3 Bb4 4. Nge2 dxe4 5. a3 Be7 6. Nxe4 Nf6 7. Nxf6+ Bxf6
8. Be3 O-O 9. Qd2 e5 10. d5 Bf5 11. Ng3 Bg6 12. h4 Bxh4 13. O-O-O Nd7 14. Bd3
f5 15. Ne2 f4 16. Bxg6 hxg6 17. Qb4 a5 18. Qc4 b5 19. Qe4 Qg5 20. Bd2 Bxf2 21.
g3 Nf6 22. Qg2 Bxg3 23. Rdg1 Nh5 24. Qh3 Qf5 25. Qf1 b4 26. a4 Rad8 27. Nxg3
Nxg3 28. Qc4 Nxh1 29. Rxh1 Rd6 30. Qxc7 Qd7 31. Qc4 Rc8 32. Qe4 Qf5 33. Qxf5
gxf5 0-1